DuoVision: 2-in-1 telescope and microscope. (Record no. 116432)
[ view plain ]
| 000 -LEADER | |
|---|---|
| fixed length control field | 00543nam a2200145 a 4500 |
| 005 - DATE AND TIME OF LATEST TRANSACTION | |
| control field | 20140513081054.0 |
| 008 - FIXED-LENGTH DATA ELEMENTS--GENERAL INFORMATION | |
| fixed length control field | 031022s19uu xx 00 eng d |
| 050 ## - LIBRARY OF CONGRESS CALL NUMBER | |
| Classification number | KIT 522 |
| Item number | DUO 2000 |
| 245 ## - TITLE STATEMENT | |
| Title | DuoVision: 2-in-1 telescope and microscope. |
| 260 ## - PUBLICATION, DISTRIBUTION, ETC. (IMPRINT) | |
| Place of publication, distribution, etc | CA, U. S. A : |
| Name of publisher, distributor, etc | Educational Insights, |
| Date of publication, distribution, etc | 2000. |
| 500 ## - GENERAL NOTE | |
| General note | Accessories includes: 3 microscope objective lens unit (250x, 150x, 50x)--1 prepared specimen slides--10 specimen covers--1 pair of plastic tweezers. |
| 650 ## - SUBJECT ADDED ENTRY--TOPICAL TERM | |
| Topical term or geographic name as entry element | Telescope--KIT |
| 650 ## - SUBJECT ADDED ENTRY--TOPICAL TERM | |
| Topical term or geographic name as entry element | Microscope--KIT |
| Withdrawn status | Lost status | Damaged status | Use restrictions | Home library | Current library | Shelving location | Date acquired | Source of acquisition | Cost, normal purchase price | Total Checkouts | Full call number | Barcode | Date last seen | Price effective from | Koha item type |
|---|---|---|---|---|---|---|---|---|---|---|---|---|---|---|---|
| Elizalde Library | Elizalde Library | KIT Section | 10/22/2003 | 1599.00 | KIT 522 DUO 2000 | E463 | 05/13/2014 | 05/13/2014 | Kits |